Poesías
שמור ב:
| מחבר ראשי: | |
|---|---|
| פורמט: | ספר |
| שפה: | ספרדית |
| יצא לאור: |
Bogotá
Politécnico Colombiano
1982
|
| סדרה: | Colección Literaria Portafolio de Oriente
|
| נושאים: | |
| תגים: |
הוספת תג
אין תגיות, היה/י הראשונ/ה לתייג את הרשומה!
|
MARC
| LEADER | 00000nam a2200000 a 4500 | ||
|---|---|---|---|
| 001 | UCQ6937 | ||
| 003 | CL-VaPUC | ||
| 008 | 981023e19820000CK |||||||||||||||||spa|d | ||
| 082 | 0 | 4 | |a 891.71 |b MAY |2 21 |
| 100 | |a Mayakovsky, Vladímir |e autor |9 559482 | ||
| 245 | 1 | 0 | |a Poesías |
| 300 | |a 125 p | ||
| 942 | |c BK | ||
| 945 | |d 19981023 00:00:00 |a crobeson | ||
| 260 | |a Bogotá |b Politécnico Colombiano |c 1982 | ||
| 650 | 0 | |a Poesías rusas |9 266684 | |
| 650 | 0 | |a Literatura rusa |9 318370 | |
| 583 | |a last modification |c 19981023 00:00:00 |k Rodrigo Vera | ||
| 490 | 0 | |a Colección Literaria Portafolio de Oriente | |
| 999 | |c 276832 |d 276830 | ||
| 952 | |0 0 |1 0 |4 0 |6 891_710000000000000_MAY_1982 |7 0 |8 A |9 314319 |a BIBEDU |b BIBEDU |d 2019-11-20 |i 1486527 |o 891.71 MAY 1982 |p 1486527 |r 2019-11-20 |w 2019-11-20 |y BK |k LIT | ||